Yoga / (Record no. 132292)

MARC details
000 -LEADER
fixed length control field 00559nam a22002177a 4500
005 - DATE AND TIME OF LATEST TRANSACTION
control field 20170124110152.0
010 ## - LIBRARY OF CONGRESS CONTROL NUMBER
LC control number B-012794
020 ## - INTERNATIONAL STANDARD BOOK NUMBER
Terms of availability 00.00
035 ## - SYSTEM CONTROL NUMBER
System control number B-012794
037 ## - SOURCE OF ACQUISITION
Source of stock number/acquisition Cen Lib/Ret
040 ## - CATALOGING SOURCE
Original cataloging agency DPL
Language of cataloging EN
082 ## - DEWEY DECIMAL CLASSIFICATION NUMBER
Classification number 181.45
Item number SHA
100 ## - MAIN ENTRY--PERSONAL NAME
Personal name Share to share, Prem
9 (RLIN) 34242
245 ## - TITLE STATEMENT
Title Yoga /
Statement of responsibility, etc by Prem Share to share
260 ## - PUBLICATION, DISTRIBUTION, ETC. (IMPRINT)
Place of publication, distribution, etc Bihar
Name of publisher, distributor, etc Sharda Press
Date of publication, distribution, etc 1974
270 ## - ADDRESS
Address Bihar
City Bihar
300 ## - PHYSICAL DESCRIPTION
Extent 190p.
Dimensions 20cm(Hb)
650 ## - SUBJECT ADDED ENTRY--TOPICAL TERM
Topical term or geographic name as entry element Hatha yoga
9 (RLIN) 25409
650 ## - SUBJECT ADDED ENTRY--TOPICAL TERM
Topical term or geographic name as entry element Exercise
9 (RLIN) 23876
942 ## - ADDED ENTRY ELEMENTS (KOHA)
Source of classification or shelving scheme Dewey Decimal Classification
Koha item type English Books
Classification part 181.45
Call number suffix SHA
Holdings
Withdrawn status Lost status Damaged status Not for loan Home library Current library Date acquired Source of acquisition Cost, normal purchase price Total Checkouts Full call number Barcode Date last seen Date checked out Copy number Cost, replacement price Price effective from Koha item type
        Central Library Central Library 21/07/2015 Cen Lib/Ret 0.00 2 181.45 SHA B-012794 07/06/2019 08/04/2019 1 0.00 15/09/2016 English Books

© Delhi Public Library
Hit Counter
free hit counter